Withhold not correction. (Record no. 17174)

000 -LEADER
fixed length control field 00485nam a2200169 a 4500
001 - CONTROL NUMBER
control field :::00020910$&:&@@
003 - CONTROL NUMBER IDENTIFIER
control field OkBaRHE
005 - DATE AND TIME OF LATEST TRANSACTION
control field 20040218161741.0
008 - FIXED-LENGTH DATA ELEMENTS--GENERAL INFORMATION
fixed length control field s1978 j 000 0 eng u
040 ## - CATALOGING SOURCE
Transcribing agency
100 1# - MAIN ENTRY--PERSONAL NAME
Personal name Ray, Bruce A.
245 10 - TITLE STATEMENT
Title Withhold not correction.
260 ## - PUBLICATION, DISTRIBUTION, ETC. (IMPRINT)
Place of publication, distribution, etc Grand Rapids, MI
Name of publisher, distributor, etc Baker Book House
Date of publication, distribution, etc 1978
300 ## - PHYSICAL DESCRIPTION
Extent 140 p.
942 ## - ADDED ENTRY ELEMENTS (KOHA)
Source of classification or shelving scheme
Koha item type Books
Copies
Koha item type Withdrawn status Damaged status Barcode Shelving location Price effective from Lost status Not for loan Copy number Source of classification or shelving scheme Date acquired Date last seen Full call number Permanent Location
Books  20910General Stacks2010-04-14  1 2010-04-142010-04-14HQ 770.4 .R3RHEMA Bible Training College